<?xml version="1.0" encoding="UTF-8" ?>
<collection xmlns="http://www.loc.gov/MARC21/slim"><record><leader>01633nam a2200349   4500</leader><controlfield tag="001">231049</controlfield><controlfield tag="003">CH-000273-5</controlfield><controlfield tag="005">20250804134654.0</controlfield><datafield tag="020" ind1=" " ind2=" "><subfield code="a">978-3-85474-415-3</subfield></datafield><datafield tag="040" ind1=" " ind2=" "><subfield code="a">CH-000273-5</subfield><subfield code="b">ger</subfield><subfield code="e">rda</subfield></datafield><datafield tag="041" ind1="0" ind2=" "><subfield code="a">ger</subfield></datafield><datafield tag="041" ind1="0" ind2=" "><subfield code="a">eng</subfield></datafield><datafield tag="100" ind1="1" ind2=" "><subfield code="a">Glauer, Marius</subfield><subfield code="d">1983-</subfield><subfield code="e">Fotograf</subfield><subfield code="4">pht</subfield><subfield code="e">Künstler</subfield><subfield code="4">art</subfield></datafield><datafield tag="245" ind1="1" ind2="0"><subfield code="a">Marius Glauer</subfield><subfield code="b">wait a minute</subfield><subfield code="c">Herausgeber*innen/editors: Alfred Weidinger &amp; Manfred Mandl-Kiblböck für die/for OÖ Landes-Kultur GmbH, Susanne Watzenboeck ; Autor*innen/authors: Charlotte Sarrazin, Susanne Watzenboeck, Alfred Weidinger</subfield></datafield><datafield tag="246" ind1="1" ind2="0"><subfield code="a">Wait a minute</subfield></datafield><datafield tag="264" ind1=" " ind2="1"><subfield code="a">Linz</subfield><subfield code="b">OÖ Landes Kultur GmbH</subfield><subfield code="c">2025</subfield></datafield><datafield tag="300" ind1=" " ind2=" "><subfield code="a">90 Seiten</subfield><subfield code="b">Illustrationen</subfield><subfield code="c">25 cm</subfield></datafield><datafield tag="336" ind1=" " ind2=" "><subfield code="a">Text</subfield><subfield code="b">txt</subfield><subfield code="2">rdacontent</subfield></datafield><datafield tag="336" ind1=" " ind2=" "><subfield code="a">unbewegtes Bild</subfield><subfield code="b">sti</subfield><subfield code="2">rdacontent</subfield></datafield><datafield tag="337" ind1=" " ind2=" "><subfield code="a">ohne Hilfsmittel zu benutzen</subfield><subfield code="b">n</subfield><subfield code="2">rdamedia</subfield></datafield><datafield tag="338" ind1=" " ind2=" "><subfield code="a">Band</subfield><subfield code="b">nc</subfield><subfield code="2">rdacarrier</subfield></datafield><datafield tag="546" ind1=" " ind2=" "><subfield code="a">Paralleltexte deutsch und englisch</subfield></datafield><datafield tag="600" ind1="1" ind2="7"><subfield code="a">Glauer, Marius</subfield><subfield code="d">1983-</subfield><subfield code="x">Fotografie</subfield><subfield code="x">Plastik</subfield><subfield code="x">Assemblage</subfield><subfield code="2">gnd</subfield></datafield><datafield tag="655" ind1=" " ind2="7"><subfield code="a">Ausstellungskatalog</subfield><subfield code="x">Museum Francisco-Carolinum (Linz)</subfield><subfield code="y">14.03.2025-27.07.2025</subfield><subfield code="z">Linz</subfield><subfield code="2">gnd-content</subfield></datafield><datafield tag="655" ind1=" " ind2="7"><subfield code="a">Bildband</subfield><subfield code="2">gnd-content</subfield></datafield><datafield tag="700" ind1="1" ind2=" "><subfield code="a">Weidinger, Alfred</subfield><subfield code="d">1961-</subfield><subfield code="e">Herausgeber</subfield><subfield code="4">edt</subfield><subfield code="e">Verfasser von ergänzendem Text</subfield><subfield code="4">wst</subfield></datafield><datafield tag="700" ind1="1" ind2=" "><subfield code="a">Mandl-Kiblböck, Manfred</subfield><subfield code="e">Herausgeber</subfield><subfield code="4">edt</subfield></datafield><datafield tag="700" ind1="1" ind2=" "><subfield code="a">Watzenboeck, Susanne</subfield><subfield code="e">Herausgeber</subfield><subfield code="4">edt</subfield><subfield code="e">Verfasser von ergänzendem Text</subfield><subfield code="4">wst</subfield></datafield><datafield tag="700" ind1="1" ind2=" "><subfield code="a">Sarrazin, Charlotte</subfield><subfield code="e">Verfasser von ergänzendem Text</subfield><subfield code="4">wst</subfield></datafield><datafield tag="710" ind1="2" ind2=" "><subfield code="a">Museum Francisco-Carolinum</subfield><subfield code="g">Linz</subfield><subfield code="e">Gastgebende Institution</subfield><subfield code="4">his</subfield></datafield><datafield tag="710" ind1="2" ind2=" "><subfield code="a">OÖ Landes-Kultur GmbH</subfield><subfield code="e">Herausgebendes Organ</subfield><subfield code="4">isb</subfield></datafield><datafield tag="852" ind1="4" ind2=" "><subfield code="a">CH-000273-5</subfield><subfield code="c">BD 2025/0147</subfield></datafield></record></collection>